Countries With The Highest Military/Population Ratio - Statistics

General Stats
  • This quiz has been taken 45 times
  • The average score is 14 of 30
Answer Stats
Per 1,000 People Answer % Correct
306.1 North Korea
100%
24.3 Russia
89%
131.0 South Korea
89%
76.3 Israel
82%
46.7 Belarus
71%
23.2 Iran
71%
77.8 Taiwan
68%
27.2 Ukraine
68%
65.6 Singapore
61%
56.9 Vietnam
58%
85.3 Armenia
53%
45.5 Finland
53%
38.0 Azerbaijan
50%
17.3 Jordan
50%
27.6 Estonia
45%
110.9 Cuba
42%
53.9 Eritrea
42%
34.1 Greece
42%
16.6 Kuwait
42%
28.9 Switzerland
39%
18.6 Brunei
34%
53.1 Cyprus
34%
18.6 Moldova
34%
20.4 Austria
29%
49.7 Mongolia
29%
17.8 Laos
24%
18.1 South Sudan
18%
25.5 Portugal
16%
19.6 Montenegro
8%
27.2 Paraguay
0%
No matching quizzes found
Score Distribution
Percent of People with Each Score
Percentile by Number Answered
Your Score History
You have not taken this quiz